| 000 | 01424nam0a22002771 4500 | ||
|---|---|---|---|
| 001 | rc\1249 | ||
| 005 | 20230911150230.0 | ||
| 021 |
_aRU _bКН-П-19-094876 _9КН-П-19-6953 |
||
| 035 | _a(NLR Aleph) 005291921 | ||
| 090 |
_a6199168 _c6199168 |
||
| 100 | _a20021204d1995 u y0rusy50 ca | ||
| 101 | 0 | _arus | |
| 102 | _aRU | ||
| 105 | _ay ||||||||| | ||
| 200 | 1 |
_aАннотированная библиография по социальным проблемам сексуальности (1960-е - первая половина 1990-х гг.) _fРос. акад. наук. Ин-т социологии. С.-Петерб. фил. _g[Составители Л.В. Кузнецова и др. _gАвт. вступ. ст. и ред. С.И. Голод] |
|
| 210 |
_aСПб. _cНИГ "Социология семьи, гендерных и сексуал. отношений" _d1995 |
||
| 215 |
_a68, [2] с. _d20 |
||
| 300 | _aВступит. ст. парал.: рус., англ. | ||
| 702 | 1 |
_4220 _aКузнецова _bЛ. В. _cканд. социол. наук _gЛюбовь Валентиновна _9259469 _3RU\NLR\AUTH\770259525 |
|
| 712 | 0 | 2 |
_aИнститут социологии _bСанкт-Петербургский филиал _cМосква _9473900 _3RU\NLR\AUTH\889989194 |
| 801 | 0 |
_aRU _bNLR _gpsbo |
|
| 801 | 1 |
_aRU _bELAR _2rusmarc |
|
| 852 |
_aNLR _bС _jК-1/7011 |
||
| 942 | _cBOOK | ||
| 980 | _aNB | ||